Govt. of
Madhya Pradesh

NCERT नोट्स भारतीय अर्थव्यवस्था (Record no. 67029)

MARC details
000 -LEADER
fixed length control field 00543nam a22001577a 4500
003 - CONTROL NUMBER IDENTIFIER
control field Macl
005 - DATE AND TIME OF LATEST TRANSACTION
control field 20241018135628.0
008 - FIXED-LENGTH DATA ELEMENTS--GENERAL INFORMATION
fixed length control field 241018b |||||||| |||| 00| 0 eng d
040 ## - CATALOGING SOURCE
Transcribing agency Macl
082 ## - DEWEY DECIMAL CLASSIFICATION NUMBER
Edition number 2nd
Classification number 330
100 ## - MAIN ENTRY--PERSONAL NAME
Personal name सिन्‍हा,रविशंकर
9 (RLIN) 82504
245 ## - TITLE STATEMENT
Title NCERT नोट्स भारतीय अर्थव्यवस्था
260 ## - PUBLICATION, DISTRIBUTION, ETC. (IMPRINT)
Place of publication, distribution, etc. नई दिल्ली
Name of publisher, distributor, etc. अरिहंत
Date of publication, distribution, etc. 2024
650 ## - SUBJECT ADDED ENTRY--TOPICAL TERM
Topical term or geographic name as entry element भारतीय अर्थव्यवस्था
9 (RLIN) 82505
942 ## - ADDED ENTRY ELEMENTS (KOHA)
Source of classification or shelving scheme
Koha item type Competitive Books
Holdings
Withdrawn status Lost status Source of classification or shelving scheme Damaged status Not for loan Home library Current library Date acquired Cost, normal purchase price Total Checkouts Full call number Barcode Date last seen Date last checked out Price effective from Koha item type
          MACL MACL 18/10/2024 95.00 1 330 DPI002249 30/05/2025 25/05/2025 18/10/2024 Competitive Books